Tour de France 2023 - All Stage Winners - Statistics

General Stats
  • This quiz has been taken 335 times
  • The average score is 16 of 21
Answer Stats
Stage Winner Team % Correct
6 Tadej Pogačar UAE Team Emirates
99%
20 Tadej Pogačar UAE Team Emirates
99%
16 (ITT) Jonas Vingegaard Team Jumbo-Visma
95%
3 Jasper Philipsen Alpecin-Deceuninck
94%
4 Jasper Philipsen Alpecin-Deceuninck
94%
7 Jasper Philipsen Alpecin-Deceuninck
94%
11 Jasper Philipsen Alpecin-Deceuninck
94%
1 Adam Yates UAE Team Emirates
91%
8 Mads Pedersen Lidl-Trek
78%
2 Victor Lafay Cofidis
70%
19 Matej Mohoric Bahrain Victorious
68%
5 Jai Hindley BORA-hansgrohe
67%
9 Michael Woods Israel-Premier Tech
64%
14 Carlos Rodriguez Ineos Grenadiers
63%
17 Felix Gall AG2R Citroën Team
62%
18 Kasper Asgreen Soudal-Quick Step
58%
10 Pello Bilbao Bahrain Victorious
58%
21 Jordi Meeus BORA-hansgrohe
57%
13 Michał Kwiatkowski Ineos Grenadiers
57%
15 Wout Poels Bahrain Victorius
49%
12 Ion Izagirre Cofidis
43%
No matching quizzes found
Score Distribution
Percent of People with Each Score
Percentile by Number Answered
Your Score History
You have not taken this quiz